000 00693cab a2200229 4500
001 ABS60063
008 090401t1999 xxu||||| |||| 00| 0 eng d
035 _a(Sirsi) u90681
041 _aeng
100 _aBaker, B.
245 _aSaddle up
260 _c1999
350 _a0
490 _aSurveyor
_v186(5514) 7 January 1999, 20-22(2)
520 _aThe government`s national cycle strategy is being taken seriously by many local authorities, who are investing in a number of schemes to encourage cycle use.
650 _aCYCLING
650 _aNATIONAL CYCLE STRATEGY
650 _aTRANSPORT POLICY
690 _aTRANSPORT AND COMMUNICATIONS
942 _n0
948 _c13/01/1999
999 _c57499
_d57499